| 000 | 00837nam a2200217Ii 4500 | ||
|---|---|---|---|
| 003 | JO-AjNU | ||
| 008 | 230605s9999||||xx |||||||||||||| ||und|| | ||
| 017 | _a1985/7/285 | ||
| 040 |
_aJO-AjNU _bara _erda _cJO-AjNU |
||
| 041 | _aara | ||
| 050 | 1 | 4 | _aHD37.A7.M33.2010 |
| 100 | 3 |
_aتأليف: مخامرة،محسن/م.مشارك: زياد رمضان،فؤاد الشيخ سالم،اميمة الدهان, _eauthor _933258 |
|
| 245 | 0 | 0 | _aالمفاهيم الادارية الحديثة |
| 250 | _aط10 مزيدة ومنقحة | ||
| 264 | 3 | 1 | _aعمان:مركز الكتب الاردني،2010 |
| 300 |
_a285ص _bيحتوي على ببلوغرافية من ص281-285ص |
||
| 336 |
_atext _btxt _2rdacontent |
||
| 337 |
_aunmediated _bn _2rdamedia |
||
| 338 |
_avolume _bnc _2rdacarrier |
||
| 650 | 4 |
_aادارة الاعمال _933259 |
|
| 999 |
_aA13517 _c17085 _d17085 |
||